Paperless processes and digitalization in foreign trade.

Bibliographic Details
Format: Book
Published: ♭.
Subjects:
a
LEADER 00583cam a2200217 7i4500
001 0000036620
005 20210309090000.0
007 ##ta
020 # # |a x  
040 # # |a MATR 
090 0 0 |a -   |b a 
245 0 0 |a Paperless processes and digitalization in foreign trade. 
264 # 4 |a ♭. 
264 # 0 |a -:   |b -,   |c 2020. 
300 # # |a pages:   |b illustrations;   |c cm. 
336 # # |a text  |2 rdacontent 
337 # # |a unmediated  |2 rdamedia 
338 # # |a volume  |2 rdacarrier 
504 # # |a Includes bibliographical references and index 
650 0 0 |a a  
999 |a B000041101  |b Book  |c Book  |e Business Information Centre